UBT Library

Law in antebellum society : (Record no. 38910)

000 -LEADER
fixed length control field 00651cam a2200229 a 4500
001 - CONTROL NUMBER
control field 2349263
005 - DATE AND TIME OF LATEST TRANSACTION
control field 20171214042534.0
008 - FIXED-LENGTH DATA ELEMENTS--GENERAL INFORMATION
fixed length control field 830113s1983 nyu b 001 0 eng
010 ## - LIBRARY OF CONGRESS CONTROL NUMBER
LC control number 83000051
020 ## - INTERNATIONAL STANDARD BOOK NUMBER
International Standard Book Number 0394331966 (pbk.) :
Terms of availability $6.95
040 ## - CATALOGING SOURCE
Original cataloging agency DLC
Transcribing agency DLC
Modifying agency DLC
041 ## - LANGUAGE CODE
Language code of text/sound track or separate title eng
043 ## - GEOGRAPHIC AREA CODE
Geographic area code n-us---
080 ## - UNIVERSAL DECIMAL CLASSIFICATION NUMBER
Universal Decimal Classification number 349.73
082 00 - DEWEY DECIMAL CLASSIFICATION NUMBER
Classification number 349.73 ZAI
-- 347.3009
Edition number 19
100 1# - Rafti
Rafti 18
101 ## - Shkurtesa
Shkurtesa SHP
245 10 - TITLE STATEMENT
Title Law in antebellum society :
Statement of responsibility, etc Jamil Zainaldin.
504 ## - BIBLIOGRAPHY, ETC. NOTE
Bibliography, etc Includes bibliographical references and index.
906 ## - LOCAL DATA ELEMENT F, LDF (RLIN)
a 7
b cbc
c orignew
d 1
e ocip
f 19
g y-gencatlg
942 ## - ADDED ENTRY ELEMENTS (KOHA)
Source of classification or shelving scheme
Item type Books
Holdings
Withdrawn status Lost status Source of classification or shelving scheme Damaged status Not for loan Collection code Permanent location Current location Shelving location Date acquired Total Checkouts Full call number Barcode Date last seen Price effective from Koha item type
          Koleksioni i përgjithshem UBT - Lipjan UBT - Lipjan Koleksioni i përgjithshem 12/14/2017   349.73 ZAI 002-2939156 12/14/2017 12/14/2017 Books
UBT Library © 2015-2024. All rights reserved University Education for Business and Technology